000 00384nam a2200145Ia 4500
008 230718s9999 xx 000 0 und d
041 _aEng.
082 _a82
_bبٹا-چ
100 _aبٹالوی ، عاشق حسین
245 0 _aچند یادیں چند نا کر آن
260 _aPakistan
_bسنگ میل ہلے گنز
_c1834
300 _a357
650 _aLaw
999 _c28819
_d28819